|
|
|
|
| LEADER |
00883pam a22002538a 4500 |
| 001 |
00022668 |
| 005 |
20171026081025.0 |
| 008 |
110601s1986 ||||||Viesd |
| 041 |
0 |
# |
|a Vie
|
| 082 |
1 |
4 |
|a 882
|b K302Ơ
|
| 100 |
0 |
# |
|a Ơripit
|
| 245 |
0 |
0 |
|c Người dịch : Nguyễn Giang, Nguyễn Trác
|a Kịch Ơripit
|
| 260 |
# |
# |
|a H.
|b Văn học
|c 1986
|
| 300 |
# |
# |
|a 214 tr.
|c 19 cm.
|
| 490 |
# |
# |
|a Tủ sách văn học mọi nhà. Văn học nước ngoài
|
| 650 |
# |
4 |
|a Hy Lạp
|
| 650 |
# |
4 |
|a Văn học cổ điển
|
| 700 |
0 |
# |
|a Nguyễn Giang
|e dịch
|
| 700 |
0 |
# |
|a Nguyễn Trác
|e dịch
|
| 852 |
# |
# |
|b Kho mượn
|j KM.0011535, KM.0011560
|
| 852 |
# |
# |
|j KD.0006295
|b Kho đọc
|
| 852 |
# |
# |
|j KD.0006295
|j KM.0011535
|j KM.0011560
|
| 910 |
0 |
# |
|a nhnam
|d 01/06/2011
|
| 980 |
# |
# |
|a Trung tâm Học liệu Lê Vũ Hùng, Trường Đại học Đồng Tháp
|